|
|
|
|
| LEADER |
00000caa a22000002c 4500 |
| 001 |
1912636638 |
| 003 |
DE-627 |
| 005 |
20250125055253.0 |
| 007 |
tu |
| 008 |
241217s2000 xx ||||| 00| ||eng c |
| 035 |
|
|
|a (DE-627)1912636638
|
| 035 |
|
|
|a (DE-599)KXP1912636638
|
| 040 |
|
|
|a DE-627
|b ger
|c DE-627
|e rda
|
| 041 |
|
|
|a eng
|
| 084 |
|
|
|a 2,1
|2 ssgn
|
| 100 |
1 |
|
|a Hoffman, John
|d 1944-
|e VerfasserIn
|0 (DE-588)140164898
|0 (DE-627)70358572X
|0 (DE-576)314885919
|4 aut
|
| 109 |
|
|
|a Hoffman, John 1944-
|a Hoffman, John Ashton 1944-
|
| 245 |
1 |
0 |
|a NIBRS update: National Incident Based Reporting System -- still far from 'national'
|
| 264 |
|
1 |
|c 2000
|
| 336 |
|
|
|a Text
|b txt
|2 rdacontent
|
| 337 |
|
|
|a ohne Hilfsmittel zu benutzen
|b n
|2 rdamedia
|
| 338 |
|
|
|a Band
|b nc
|2 rdacarrier
|
| 500 |
|
|
|a 0023-9194
|
| 773 |
0 |
8 |
|i Enthalten in
|t Law and Order
|g 48 (2000), 1, Seite 31-34
|
| 773 |
1 |
8 |
|g volume:48
|g year:2000
|g number:1
|g pages:31-34
|
| 935 |
|
|
|a mkri
|
| 951 |
|
|
|a AR
|
| ELC |
|
|
|b 1
|
| LOK |
|
|
|0 000 xxxxxcx a22 zn 4500
|
| LOK |
|
|
|0 001 4637602173
|
| LOK |
|
|
|0 003 DE-627
|
| LOK |
|
|
|0 004 1912636638
|
| LOK |
|
|
|0 005 20241217044744
|
| LOK |
|
|
|0 008 241217||||||||||||||||ger|||||||
|
| LOK |
|
|
|0 035
|a (DE-2619)ICPSR33975
|
| LOK |
|
|
|0 040
|a DE-2619
|c DE-627
|d DE-2619
|
| LOK |
|
|
|0 092
|o n
|
| LOK |
|
|
|0 852
|a DE-2619
|
| LOK |
|
|
|0 852 1
|9 00
|
| LOK |
|
|
|0 935
|a uvkn
|a nacp
|
| LOK |
|
|
|0 939
|a 17-12-24
|b l01
|
| ORI |
|
|
|a SA-MARC-krimdoka001.raw
|